00502nam a2200145Ia 4500008004100000020001400041245008000055260006800135516002000203650002100223830002600244856006000270942000700330999001900337150121s9999 xx 000 0 und d a2244-1514 aIAMURE :bInternational Journal of Social Sciences /h[electronic resource] bInternational Association of Multidisciplinary Research,c2014. aElectronic text aSocial Sciences. aPhilippine E-Journals uhttp://www.ejournals.ph/index.php?journal=IAMURE-SOCSCI cEJ c277030d277030